|
|
|
|
| LEADER |
01017nab a2200253 i 4500 |
| 001 |
misc64330 |
| 005 |
20241007104018.0 |
| 008 |
240301s1909 hu o 000 eng d |
| 040 |
|
|
|a SZTE Miscellanea Repozitórium
|b hun
|
| 041 |
|
|
|a eng
|
| 041 |
|
|
|a uig
|
| 100 |
1 |
|
|a Raquette Gustaf
|
| 245 |
1 |
2 |
|a A contribution to the existing knowledge of the Eastern-Turkestan dialect as it is spoken and written at the present time in the districts of Yarkand and Kashgar
|h [elektronikus dokumentum] /
|c Raquette Gustaf
|
| 260 |
|
|
|a Société Finno-ougrienne
|b Helsingfors
|c 1909
|
| 300 |
|
|
|a 53 p.
|c 23 cm
|
| 490 |
0 |
|
|a Suomalais-Ugrilaisen Seuran Aikakauskirja : Journal de la Société Finno-Ougrienne
|
| 561 |
|
|
|a Németh Gyula hagyaték
|
| 591 |
|
|
|a NOA 4760
|
| 650 |
|
4 |
|a Társadalomtudományok
|
| 650 |
|
4 |
|a Szociológia
|
| 650 |
|
4 |
|a Bölcsészettudományok
|
| 650 |
|
4 |
|a Nyelvek és irodalom
|
| 695 |
|
|
|a Ujgur nyelv, Folklór - ujgur
|
| 856 |
4 |
0 |
|u http://misc.bibl.u-szeged.hu/64330/1/4760_noa.pdf
|z Dokumentum-elérés
|